000 00462nam a2200181 a 4500
001 28892
005 20180713231841.0
008 140415s1985 sp 000 0 spa d
020 _a842394409X
041 _aspa
082 _a900.12
_bMAN
100 1 _aMANN ALFRED HEUSS, GOLO
245 1 0 _aHISTORIA UNIVERSAL EL ISLAM 2
250 _a1a ed.
260 _aESPAÑA :
_bESPASA CALPE,
_c1985
300 _a759
_c14 x 2 x 16
650 1 4 _aPAPEL
999 _c28892
_d28892